| 000 | 00686nam a22002057a 4500 | ||
|---|---|---|---|
| 003 | UPN | ||
| 005 | 20250509130755.0 | ||
| 008 | 250314s2006 -usd|||f t||| 00| 0 spa d | ||
| 020 | _a9789588307060 (Mayol Ediciones) | ||
| 020 | _a8484763064 (Mundi-Prensa) | ||
| 040 |
_aMX-MxUPN _bspa _cMX-MxUPN |
||
| 050 |
_aHD758 L67 _b2006 |
||
| 110 | 2 |
_aBanco Mundial _99177 |
|
| 245 |
_aInforme sobre el Desarrollo Mundial 2007 : _bel desarrollo y la nueva generación |
||
| 260 |
_aWashington DC : _bBanco Mundial, _bMundi-Prensa, _bMayol Ediciones, _c2006 |
||
| 300 | _a263 páginas | ||
| 650 | 0 |
_aDesarrollo Mundial _955987 |
|
| 902 | _aMaiella Martínez / 14032025 | ||
| 942 |
_2lcc _cLIBRO _n0 |
||
| 999 |
_c212857 _d212857 |
||